Influence of Mineral Salts on the Production of Antibiotics Phenazine Series from Pseudomonas Aeruginosa; Key Engineering Materials; Vol. 685 : High Technology: Research and Applications 2015 (HTRA 2015)

Bibliographic Details
Parent link:Key Engineering Materials: Scientific Journal
Vol. 685 : High Technology: Research and Applications 2015 (HTRA 2015).— 2016.— [P. 794-797]
Main Author: Palchevskaya Y. S. Yekaterina
Corporate Author: Национальный исследовательский Томский политехнический университет (ТПУ)
Summary:Title screen
Phenazines represent a group of heterocyclic nitrogen-containing compounds showing a broad spectrum of antibiotic properties. Phenazines are studied extensively for their further application in plant disease management. Pseudomonas aeruginosa produce phenazine compounds as the secondary metabolites. In this paper a complex of phenazine series antibiotics from the culture of Pseudomonas aeruginosa was isolated and studied. It was established that the complex represented by phenazine-1-carboxylic acid and 2-hydroxyphenazine. The influence of various mineral salts to produce phenazine was investigated. Inhibitors and cofactors of the biosynthesis of antibiotics phenazine series were determined.
Режим доступа: по договору с организацией-держателем ресурса
Language:English
Published: 2016
Series:Chemical Engineering and Technology
Subjects:
Online Access:http://dx.doi.org/10.4028/www.scientific.net/KEM.685.794
Format: Electronic Book Chapter
KOHA link:https://koha.lib.tpu.ru/cgi-bin/koha/opac-detail.pl?biblionumber=646542

MARC

LEADER 00000nla2a2200000 4500
001 646542
005 20231101134424.0
035 |a (RuTPU)RU\TPU\network\11678 
035 |a RU\TPU\network\11677 
090 |a 646542 
100 |a 20160303a2016 k y0engy50 ba 
101 0 |a eng 
105 |a y z 100zy 
135 |a drcn ---uucaa 
181 0 |a i  
182 0 |a b 
200 1 |a Influence of Mineral Salts on the Production of Antibiotics Phenazine Series from Pseudomonas Aeruginosa  |f Y. S. Palchevskaya 
203 |a Text  |c electronic 
225 1 |a Chemical Engineering and Technology 
300 |a Title screen 
330 |a Phenazines represent a group of heterocyclic nitrogen-containing compounds showing a broad spectrum of antibiotic properties. Phenazines are studied extensively for their further application in plant disease management. Pseudomonas aeruginosa produce phenazine compounds as the secondary metabolites. In this paper a complex of phenazine series antibiotics from the culture of Pseudomonas aeruginosa was isolated and studied. It was established that the complex represented by phenazine-1-carboxylic acid and 2-hydroxyphenazine. The influence of various mineral salts to produce phenazine was investigated. Inhibitors and cofactors of the biosynthesis of antibiotics phenazine series were determined. 
333 |a Режим доступа: по договору с организацией-держателем ресурса 
461 0 |0 (RuTPU)RU\TPU\network\11477  |t Key Engineering Materials  |o Scientific Journal 
463 0 |0 (RuTPU)RU\TPU\network\11478  |t Vol. 685 : High Technology: Research and Applications 2015 (HTRA 2015)  |o The IV International Conference, April 21-24, 2015, Tomsk, Russia  |o [proceedings]  |f National Research Tomsk Polytechnic University (TPU) ; ed. N. V. Martyushev, A. M. Bogdan  |v [P. 794-797]  |d 2016 
610 1 |a электронный ресурс 
610 1 |a труды учёных ТПУ 
610 1 |a кофакторы 
610 1 |a ингибиторы 
610 1 |a феназины 
610 1 |a минеральные соли 
610 1 |a антибиотики 
700 1 |a Palchevskaya  |b Y. S.  |g Yekaterina 
712 0 2 |a Национальный исследовательский Томский политехнический университет (ТПУ)  |c (2009- )  |2 stltpush  |3 (RuTPU)RU\TPU\col\15902 
801 2 |a RU  |b 63413507  |c 20160303  |g RCR 
856 4 |u http://dx.doi.org/10.4028/www.scientific.net/KEM.685.794 
942 |c CF